000 01843nam a2200349 i 4500
001 768714001
003 CO-MdFUSB
005 20210906172031.0
007 ta
008 200706t1991 fr |||| |||| 00| 0 spa d
020 _a8470502689
040 _aCO-MdFUSB
_bspa
_cCO-MdFUSB
_dCO-MdFUSBC
_erda
041 _aspa
_hfre
082 _223
_a220.3
_bM746
100 _aMonloubou, Louis
_d1924-2012
_eautor
240 _aDictionnaire biblique abrégé
245 _aDiccionario bíblico compendiado
_c/ Louis Monloubou ; traducido por Miguel Montes
264 1 _aParís :
_bEdicep,
_c[1991]
264 4 _c©1991
300 _c267 páginas ;
_a21 cm
336 _2rdacontent
_atexto
_btxt
337 _2rdamedia
_asin mediación
_bn
338 _2rdacarrier
_avolumen
_bnc
505 _aCompendio de lhilippe Fera fe católica: Philippe Ferlay -- Compendio de la moral católica: Jean-Marie Aubert -- Compendio de la oración cristiana: Adalbert Hamman -- Compendio de la vida espiritual: Philippe Ferlay -- Compendio de la gracia: José Antonio Galindo Rodrigo -- Compendio de teología del matrimonio: Emilio Aliaga Girbés -- Diccionario Bíblico compendiado Louis Monloubou - Compendio de la doctrina social de la iglesia:Franco Biffi -- En preparación: compendio del derecho canónico.
520 _aEsta obra ha sido concebida y realizada para ser incluida en la colección de los Compendios. Después de la Fe católica, la moral católica y la vida espiritual, y mientras esperamos la Vida Litúrgica y la Filosofía cristiana, convenía presentar los libros, el universo y la teología bíblica de una manera que fuera de a la vez sencilla y completa.
563 _aRústico
650 0 _916
_aBiblia
653 _aDiccionario
700 _95198
_aMontes, Miguel,
_etraductor
942 _cREF
945 _aJTF-925
999 _c66443
_d66443